Central Library OPAC University of Rajshahi

Statistical study of child growth : (Record no. 79365)

MARC details
000 -LEADER
fixed length control field 01119nam a22002897a 4500
001 - CONTROL NUMBER
RUCL Control Number 79365
003 - CONTROL NUMBER IDENTIFIER
rucl marc code BD-RjUL
005 - DATE AND TIME OF LATEST TRANSACTION
control field 20220424101407.0
008 - FIXED-LENGTH DATA ELEMENTS--GENERAL INFORMATION
fixed length control field 220214s2008 bg a|||| m||| 00| 0 eng d
035 ## - SYSTEM CONTROL NUMBER
system control number (BD-RjUL)79365
040 ## - CATALOGING SOURCE
Original cataloging agency BD-RjUL
Language of cataloging eng
Transcribing agency BD-RjUL
Modifying agency BD-RjUL
041 ## - LANGUAGE CODE
Language code of Book eng
082 ## - DEWEY DECIMAL CLASSIFICATION NUMBER
DDC Edition number 23
Classification number 618.92
Author mark and Year PES 2008
100 ## - MAIN ENTRY--PERSONAL NAME
Personal name Pervin, Mst. Khurshida
9 (RLIN) 1290
245 10 - TITLE STATEMENT
Title Statistical study of child growth :
Remainder of title A case study of Rajshahi City /
Statement of responsibility, etc By Mst. Khurshida Pervin ;
Name of Supervisor/Co-Supervisor Principal Supervisor: Md. Abul Basher Mian ; Co-Supervisor: Md. Ayub Ali
260 ## - PUBLICATION, DISTRIBUTION, ETC. (IMPRINT)
Place of publication, distribution, etc Rajshahi :
Name of publisher, distributor, etc Department Of Statistics, University of Rajshahi,
Date of publication, distribution, etc 2008
300 ## - PHYSICAL DESCRIPTION
Pagination Vlll, 118 leaves :
Other physical details ill, ;
Dimensions 29 cm.
502 ## - DISSERTATION NOTE
Dissertation note Thesis (Ph. D.) -- Department Of Statistics, University of Rajshahi, 2008
504 ## - BIBLIOGRAPHY, ETC. NOTE
Bibliography, etc Bibliography : Leaves 113 - 117
600 ## - SUBJECT ADDED ENTRY--PERSONAL NAME
Fuller form of name
650 ## - SUBJECT ADDED ENTRY--TOPICAL TERM
Topical term or geographic name as entry element paediatrics
9 (RLIN) 2716
Topical term or geographic name as entry element childhood illness
9 (RLIN) 2717
Topical term or geographic name as entry element Children
Geographic subdivision Bangladesh
-- Rajshahi City
General subdivision Growth
9 (RLIN) 2718
700 ## - ADDED ENTRY--SUPERVISOR/CO-SUPERVISOR NAME
Personal name Mian, Md. Abul Basher, Principal Supervisor
9 (RLIN) 1293
Personal name Ali, Md. Ayub, Co-Supervisor
9 (RLIN) 1294
942 ## - ADDED ENTRY ELEMENTS (KOHA)
Source of classification or shelving scheme Dewey Decimal Classification
Koha item type Theses
Holdings
Source of classification or shelving scheme Damaged status Not for loan Collection code Permanent Location Current Location Shelving location Date of accession Source of acquisition Full call number Barcode Date last seen Copy number Thesis
Dewey Decimal Classification   Not For Loan Theses Central Library, University of Rajshahi Central Library, University of Rajshahi Documentation Section 05/06/2010 Controller of Exam. R.U THE 618.92 PES 2008 D3061 14/02/2022 C-1 Theses